Every Song by Alkaline Trio - Statistics

General Stats
  • This quiz has been taken 35 times
    6 since last reset
  • The average score is 57 of 164
Answer Stats
Album Song % Correct
Blood, Hair, and Eyeballs(2024) Blood, Hair, and Eyeballs
100%
Broken Wing(2013) Broken Wing
100%
I Lied My Face Off(1999) I Lied My Face Off
100%
Is This Thing Cursed?(2018) Is This Thing Cursed?
100%
Maybe I'll Catch Fire(2000) Maybe I'll Catch Fire
100%
Maybe I'll Catch Fire(2000) Radio
100%
Surprise Surprise(2025) Surprise Surprise
100%
Surprise Surprise(2025) Bleeding Out
80%
For Your Lungs Only(1998) For Your Lungs Only
80%
Crimson(2005) Mercy Me
80%
Surprise Surprise(2025) Oblivion
80%
Goddammit(1998) San Francisco
80%
This Addiction(2010) This Addiction
80%
From Here to Infirmary(2001) Armageddon
60%
Agony & Irony(2008) Calling All Skeletons
60%
Goddammit(1998) Clavicle
60%
Good Mourning(Bonus)(2003) Dead End Road
60%
This Addiction(2010) Dine, Dine My Darling
60%
Goddammit(1998) Enjoy Your Day
60%
Good Mourning(2003) Fatally Yours
60%
This Addiction(2010) Fine
60%
I Lied My Face Off(1999) Goodbye Forever
60%
From Here to Infirmary(Bonus)(2001) Hell Yes
60%
Agony & Irony(2008) Help Me
60%
Blood, Hair, and Eyeballs(2024) Hinterlude
60%
My Shame is True(2013) I Wanna Be a Warhol
60%
Remains(2007) Jaked on Green Beers
60%
Maybe I'll Catch Fire(2000) Madam Me
60%
From Here to Infirmary(2001) Mr. Chainsaw
60%
Alkaline Trio(2000) My Friend Peter
60%
From Here to Infirmary(Bonus)(2001) My Standard Break from Life
60%
Agony & Irony(2008) Over and Out
60%
From Here to Infirmary(2001) Private Eye
60%
My Shame is True(2013) She Lied to the FBI
60%
Maybe I'll Catch Fire(2000) She Took Him to the Lake
60%
From Here to Infirmary(2001) Stupid Kid
60%
From Here to Infirmary(2001) Trucks and Trains
60%
Remains(2007) Warbrain
60%
Damnesia(2011) We've Had Enough
60%
Alkaline Trio / Hot Water Music(2002) While You're Waiting
60%
From Here to Infirmary(2001) You're Dead
60%
Maybe I'll Catch Fire(2000) You've Got So Far to Go
60%
Good Mourning(2003) All on Black
40%
From Here to Infirmary(2001) Another Innocent Girl
40%
Goddammit(1998) As You Were
40%
Crimson(2005) Back to Hell
40%
Blood, Hair, and Eyeballs(2024) Bad Time
40%
I Lied My Face Off(1999) Bleeder
40%
From Here to Infirmary(2001) Bloodied Up
40%
Good Mourning(2003) Blue Carolina
40%
Good Mourning(2003) Blue in the Face
40%
Crimson(2005) Burn
40%
Good Mourning(2003) Continental
40%
Goddammit(1998) Cop
40%
From Here to Infirmary(2001) Crawl
40%
Goddammit(1998) Cringe
40%
Crimson(2005) Dethbed
40%
Good Mourning(2003) Donner Party (All Night)
40%
Remains(2007) Don't Say You Won't
40%
This Addiction(2010) Eating Me Alive
40%
Good Mourning(2003) Every Thug Needs a Lady
40%
Crimson(2005) Fall Victim
40%
BYO Split Series, Vol. 5(2005) Fine Without You
40%
Agony & Irony(Bonus)(2008) Fire Down Below
40%
Maybe I'll Catch Fire(2000) Fuck You Aurora
40%
Agony & Irony(2008) I Found Away
40%
BYO Split Series, Vol. 5(2005) If You Had a Bad Time...
40%
From Here to Infirmary(2001) I'm Dying Tomorrow
40%
Agony & Irony(2008) In Vein
40%
Crimson(2005) I Was a Prayer
40%
Maybe I'll Catch Fire(2000) Keep 'Em Coming
40%
Agony & Irony(2008) Live Young, Die Fast
40%
Agony & Irony(2008) Love Love, Kiss Kiss
40%
Goddammit(1998) Message from Kathlene
40%
Remains(2007) Metro
40%
Goddammit(1998) My Little Needle
40%
Goddammit(Bonus)(1998) Ninety-Seven
40%
Goddammit(1998) Nose Over Tail
40%
Goddammit(Bonus)(1998) Nose-Over Tail
40%
Good Mourning(Bonus)(2003) Old School Reasons
40%
Crimson(2005) Prevent This Tragedy
40%
Alkaline Trio / Hot Water Music(2002) Queen of Pain
40%
E.P.(2020) Radio Violence
40%
Remains(2007) Rooftops
40%
Crimson(2005) Sadie
40%
Crimson(2005) Settle for Satin
40%
Blood, Hair, and Eyeballs(2024) Shake with Me
40%
Crimson(2005) Smoke
40%
Goddammit(1998) Sorry About That
40%
Goddammit(1998) Southern Rock
40%
From Here to Infirmary(2001) Steamer Trunk
40%
Goddammit(Bonus)(1998) Sundials
40%
From Here to Infirmary(2001) Take Lots of Alcohol
40%
Crimson(2005) The Poison
40%
Is This Thing Cursed?(2018) Throw Me to the Lions
40%
Crimson(2005) Time to Waste
40%
Goddammit(1998) Trouble Breathing
40%
Crimson(2005) Your Neck
40%
Maybe I'll Catch Fire(2000) 5-3-10-4
20%
Broken Wing(2013) Balanced on a Shelf
20%
Is This Thing Cursed?(2018) Blackbird
20%
Blood, Hair, and Eyeballs(2024) Break
20%
Blood, Hair, and Eyeballs(2024) Broken Down in a Time Machine
20%
For Your Lungs Only(1998) Cooking Wine
20%
BYO Split Series, Vol. 5(2005) Dead and Broken
20%
Good Mourning(2003) Emma
20%
Is This Thing Cursed?(2018) Goodbye Fire Island
20%
Is This Thing Cursed?(2018) Heart Attacks
20%
Blood, Hair, and Eyeballs(2024) Hot for Preacher
20%
Agony & Irony(2008) Into the Night
20%
My Shame is True(2013) I, Pessimist
20%
Is This Thing Cursed?(2018) Krystalline
20%
Agony & Irony(2008) Lost and Rendered
20%
Blood, Hair, and Eyeballs(2024) Meet Me
20%
This Addiction(2010) Off the Map
20%
Damnesia(2011) Olde English 800
20%
Good Mourning(2003) One Hundred Stories
20%
Is This Thing Cursed?(2018) Pale Blue Ribbon
20%
Broken Wing(2013) Pocket Knife
20%
Maybe I'll Catch Fire(2000) Sleepyhead
20%
Broken Wing(2013) Sun Burns
20%
Blood, Hair, and Eyeballs(2024) Teenage Heart
20%
My Shame is True(2013) The Temptation of St. Anthony
20%
Good Mourning(2003) This Could Be Loved
20%
Blood, Hair, and Eyeballs(2024) Versions of You
20%
Remains(2007) Buried
0%
Agony & Irony(Bonus)(2008) Burned is the House
0%
Is This Thing Cursed?(2018) Demon and Division
0%
This Addiction(2010) Dorothy
0%
Agony & Irony(2008) Do You Wanna Know?
0%
This Addiction(2010) Dracula
0%
BYO Split Series, Vol. 5(2005) Hating Every Minute
0%
Is This Thing Cursed?(2018) I Can't Believe
0%
Good Mourning(2003) If We Never Go Inside
0%
My Shame is True(2013) I'm Only Here to Disappoint
0%
Agony & Irony(Bonus)(2008) In My Stomach
0%
Damnesia(2011) I Remember a Rooftop
0%
This Addiction(Bonus)(2010) Kick Rocks
0%
My Shame is True(2013) Kiss You to Death
0%
This Addiction(2010) Lead Poisoning
0%
Is This Thing Cursed?(2018) Little Help?
0%
My Shame is True(2013) Midnight Blue
0%
E.P.(2020) Minds Like Minefields
0%
My Shame is True(2013) One Last Dance
0%
My Shame is True(2013) Only Love
0%
This Addiction(2010) Piss and Vinegar
0%
Agony & Irony(2008) Ruin It
0%
Blood, Hair, and Eyeballs(2024) Scars
0%
E.P.(2020) Smoke Stack
0%
For Your Lungs Only(1998) Snake Oil Tanker
0%
Is This Thing Cursed?(2018) Stay
0%
Is This Thing Cursed?(2018) Sweet Vampires
0%
This Addiction(2010) The American Scream
0%
My Shame is True(2013) The Torture Doctor
0%
I Lied My Face Off(1999) This is Getting Over You
0%
This Addiction(Bonus)(2010) Those Lungs
0%
Maybe I'll Catch Fire(2000) Tuck Me In
0%
My Shame is True(2013) Until Death Do Us Part
0%
Remains(2007) Wait for the Blackout
0%
Goddammit(Bonus)(1998) Weak Week
0%
Remains(2007) We Can Never Break Up
0%
Good Mourning(2003) We've Have Enough
0%
Is This Thing Cursed?(2018) Worn So Thin
0%
My Shame is True(2013) Young Lovers
0%
No matching quizzes found
Score Distribution
Percent of People with Each Score
Percentile by Number Answered
Your Score History
You have not taken this quiz since the last reset